00848nam a22002177a 4500003000900000005001700009008003700026020001500063040002200078082001600100100002700116245019100143260006800334300003000402490003200432700003100464700002800495700004100523700003500564830003100599DO-SdBNP20171206093739.0161031b 1996 xxu a 00| 0 spa d a0673758702 aBPMSUbspacBPMSU axxxxbS544c1 aShelf Medearis, Angela10aCompartiendo a un papá /cAngela Shelf Medearis ; ilustraciones Jan Spivey Gilchrist ; adaptación Patricia Almada ; traducción Mercedes Quintana Barragán, Natalia Ruano Martinez  aEstados Unidos : bCelebration Press, bScott Foresman, c1996. a16 p. : bil. ; c18 cm. 1 aPequeñitas celebraciones 12aSpivey Gilchrist, Janeil.12aAlmada, Patriciaeadap.12aQuintana Barragán, Mercedesetrad.12aRuano Martinez, Nataliaetrad. 0aPequeñitas celebraciones